Score 0/88 Timer 06:00
11 Plays Today
% Correct
Caramel Chocolate Cheesecake
98.7%
Chocolate Chip Cookie Dough
98.6%
Mint Chocolate Cookie
98.6%
Chocolate Cherry Garcia
98.6%
Mint Chocolate Chunk
98.4%
Chocolate Peanut Buttery Swirl
98.3%
Chocolate Fudge Brownie
98.2%
Chocolate Peppermint Crunch
97.9%
Vanilla Caramel Fudge
97.6%
Chocolate Therapy
97.6%
Strawberry Cheesecake
97.4%
Chocolate Shake It
97.4%
Chocolate
97.2%
Boom Chocolatta
96.7%
Blueberry Vanilla Graham
96.4%
Vanilla Toffee Bar Crunch
96.1%
Strawberry Shortcake
95.1%
Strawberry Not-So-Short-Cake
95.1%
Vanilla
93.9%
Strawberry
93.9%
Banana Peanut Butter
93.8%
Peanut Butter Fudge
93.8%
Raspberry Fudge Chunk
93.2%
Triple Caramel Chunk
93%
Cheesecake Brownie
92.6%
Peanut Butter Cup
92.3%
Peanut Butter World
92.3%
Peanut Buttah
92%
Salted Caramel Brown-ie Ale
91.8%
Pumpkin Cheesecake
91.1%
% Correct
Nutty Caramel Swirl
91.1%
Sweet Cream & Cookies
90.2%
Cherry Garcia
90%
Salted Caramel Blondie
89.7%
Minter Wonderland
89.3%
Salted Caramel
89.1%
Bourbon Brown Butter
87.8%
New York Super Fudge Chunk
86.4%
Milk & Cookies
85.5%
Chillin' the Roast
84.6%
Peach Melba
84%
Coconut Seven Layer Bar
83.9%
Raspberry
83.9%
Urban Bourbon
82.2%
Butter Pecan
81.2%
Coffee Toffee Bar Crunch
81.2%
Everything But The...
80.4%
Banana Split
79%
Pecan Sticky Buns
78.5%
Chunky Monkey
77.7%
Pecan Resist
77.1%
Candy Bar Pie
76.9%
Boston Cream Pie
76.6%
Empower Mint
75.5%
Confetti Cake
75.2%
Oat of this Swirled
74.8%
It's Ice...Cream
74.5%
The Tonight Dough
72.8%
Chubby Hubby
71.3%
Berry Berry Extraordinary
69.9%
% Correct
Cotton Candy
69.9%
Red Velvet Cake
69.1%
Coffee Coffee BuzzBuzzBuzz!
68.6%
Cake Batter
68.4%
Coffee
68.3%
Pistachio Pistachio
65.5%
Karamel Sutra
62.2%
Americone Dream
61.7%
Lemonade
61.2%
Hazed & Confused
59.6%
Bob Marley's One Love
54.8%
Cinnamon Buns
53.1%
Save Our Swirled
50.4%
A Swirled of Difference
50.2%
Spectacular Speculoos
49.6%
Truffle Trifecta
49.1%
Phish Food
47.9%
Truffle Kerfuffle
47.7%
Totally Baked
43.7%
Blondie Ambition
42.8%
Glampfire Trail Mix
41.2%
Brewed to Matter
39.1%
Half Baked
38.5%
Gimme S'more
36.6%
Mango Mango
31.4%
S'mores
29.8%
Tubby Hubby
21.7%
That's My Jam
21.1%
Come Together.
Have Fun.
All Virtual.
We all need to come together. Play Sporcle's virtual live trivia to have fun, connect with people, and get your trivia on. Join a live hosted trivia game for your favorite pub trivia experience done virtually. If a virtual private party is more your thing, go here for details.

You're not logged in!

Compare scores with friends on all Sporcle quizzes.
OR
Log In

Sporcle TV

Today on Sporcle TV


Watch our educational content, quiz creation guides, and fun videos on Sporcle TV.

Show Comments

Extras

Top Quizzes Today


Score Distribution

Paid Content

Your Account Isn't Verified!

In order to create a playlist on Sporcle, you need to verify the email address you used during registration. Go to your Sporcle Settings to finish the process.

Report this User

Report this user for behavior that violates our Community Guidelines.

Details: